Detalles MARC
| 000 -LEADER |
| fixed length control field |
01644nam a2200349 a 4500 |
| 001 - CONTROL NUMBER |
| control field |
|
| 003 - CONTROL NUMBER IDENTIFIER |
| control field |
DO-SdBNP |
| 005 - DATE AND TIME OF LATEST TRANSACTION |
| control field |
20210723122547.0 |
| 008 - FIXED-LENGTH DATA ELEMENTS--GENERAL INFORMATION |
| fixed length control field |
090331s2004 dr 000 0 spa d |
| 040 ## - CATALOGING SOURCE |
| Original cataloging agency |
BPMSU |
| Language of cataloging |
spa |
| Transcribing agency |
BPMSU |
| 082 ## - DEWEY DECIMAL CLASSIFICATION NUMBER |
| Classification number |
306.489 |
| Item number |
I42c 2004 |
| Edition number |
22 |
| 245 00 - TITLE STATEMENT |
| Title |
Industrias culturales : |
| Remainder of title |
retos para el desarrollo cultural / |
| Statement of responsibility, etc. |
Carlos Santos ... [et al.]. |
| 260 ## - PUBLICATION, DISTRIBUTION, ETC. (IMPRINT) |
| Place of publication, distribution, etc. |
Santo Domingo : |
| Name of publisher, distributor, etc. |
FUNGLODE, |
| Date of publication, distribution, etc. |
2004. |
| 300 ## - PHYSICAL DESCRIPTION |
| Extent |
vii, 124 p. ; |
| Dimensions |
23 cm. |
| 490 0# - SERIES STATEMENT |
| Series statement |
Biblioteca cultural |
| 500 ## - GENERAL NOTE |
| General note |
Incluye referencias bibliográficas y notas al pie de las páginas |
| 504 ## - BIBLIOGRAPHY, ETC. NOTE |
| Bibliography, etc |
Bibliografia: p.107-124 |
| 505 0# - FORMATTED CONTENTS NOTE |
| Formatted contents note |
A manera de prólogo / |
| Statement of responsibility |
José Rafael Lantigua -- |
| Title |
Noción de desarrollo y políticas para las industrias culturales dominicanas / |
| Statement of responsibility |
Carlos Santos -- |
| Title |
Medios electrónicos e industria cultural: las cuentas dominicanas / |
| Statement of responsibility |
Etzel Báez -- |
| Title |
Cultura, turismo y artesanía / |
| Statement of responsibility |
Sulamita Puig de González -- |
| Title |
Los nuevos paradigmas del turismo y su vinculación con lo cultural / |
| Statement of responsibility |
Bolívar Troncoso -- |
| Title |
La cultura suma: políticas culturales y economía de la cultura / |
| Statement of responsibility |
Carlos Guzmán Cárdenas. |
| 590 ## - LOCAL NOTE (RLIN) |
| Local note |
Inventariado,2021/VM |
| 650 #4 - SUBJECT ADDED ENTRY--TOPICAL TERM |
| Topical term or geographic name as entry element |
Cultura |
| Geographic subdivision |
República Dominicana |
| 650 #4 - SUBJECT ADDED ENTRY--TOPICAL TERM |
| Topical term or geographic name as entry element |
Política cultural |
| Geographic subdivision |
República Dominicana |
| 650 #4 - SUBJECT ADDED ENTRY--TOPICAL TERM |
| Topical term or geographic name as entry element |
Arte y Estado |
| Geographic subdivision |
República Dominicana |
| 650 #4 - SUBJECT ADDED ENTRY--TOPICAL TERM |
| Topical term or geographic name as entry element |
Industria cultural |
| Geographic subdivision |
República Dominicana |
| 700 1# - ADDED ENTRY--PERSONAL NAME |
| Personal name |
Santos, Carlos |
| 700 1# - ADDED ENTRY--PERSONAL NAME |
| Personal name |
Báez, Etzel |
| 700 1# - ADDED ENTRY--PERSONAL NAME |
| Personal name |
Puig de González, Sulamita |
| 700 1# - ADDED ENTRY--PERSONAL NAME |
| Personal name |
Troncoso, Bolívar |
| 700 1# - ADDED ENTRY--PERSONAL NAME |
| Personal name |
Guzmán Cárdenas, Carlos |
| 710 2# - ADDED ENTRY--CORPORATE NAME |
| Corporate name or jurisdiction name as entry element |
Fundación Global Democracía y Desarrollo |
| 910 ## - USER-OPTION DATA (OCLC) |
| User-option data |
VMateo V. |
| 942 ## - ADDED ENTRY ELEMENTS (KOHA) |
| Source of classification or shelving scheme |
Dewey Decimal Classification |
| Koha item type |
Libros |